000 00505nam a22001817a 4500
005 20250404154448.0
008 250404b |||||||| |||| 00| 0 eng d
020 _ahe Poverty of Growth
041 _aeng
082 _a339.460 SCH
100 _aSchutter, Olivier De
245 _aThe Poverty of Growth
260 _aLondon
_bPluto Press
_c2024
300 _a132;. pages: 20 cm
650 _aPoverty-Developing Countries. Economic Development; Capitalism
700 _aRaworth, Kate
942 _cBK
999 _c43566
_d43566